000 00886nam a2200253Ia 4500
003 OSt
005 20220923215603.0
006 a|||||r|||| 00| 0
007 ta
008 220922b |||||||| |||| 00| 0 hin d
024 _a180,060
037 _cTextual
040 _aARTS
_cARTS
_bhin
041 _2hin
_ahin
082 _aO152,1J87:g (R5), L4
100 _aसक्सेना, लालता प्रसाद
_9157573
245 0 _aमंझन का सौन्दर्य दर्शन
246 _ahinzan kā saundarya darshana
260 _aजयपुर
_b निर्मल प्रकाशन
_c1974
300 _a208 पृ.
_ccm.
650 _aहिन्दी साहित्य
_9156264
942 _hO152,1J87:g (R5), L4
_cTEXL
_2CC
999 _c333441
_d333441